00865cam a2200205 a 450000100100000000500170001000800410002704000250006808200190009310000410011224500600015326000480021330000270026165000360028865000370032491000340036195201220039595201270051799900150064400000616520200929151945.0850820s1984 pr a 000 p spa d aDO-SdBNPbspacBNPHU aPR861.4bH557c1 aHernández Pérez, Zenón.91730210aCapullos de mi jardín /cZenón Hernández Pérez. aLas Piedras, Puerto Rico :bRamallo,c1984. a99 p. :bil. ;c20 cm. 4aPoesía puertorriqueña91015 4aLiteratura puertorriqueña9250 aCatalogación por copia / LC 001054708MOaGRbGRcHDd2009-08-26iLF1l0oPR861.4 H557cp6165-10r2020-06-25w2020-06-25y4ZPréstamo en sala 001053728MOaGRbGRcHDd2009-08-26iLF1l0oPR861.4 H557cp6165-20r2020-06-25te.2w2020-06-25y4ZPréstamo en sala c5961d5961